Представление документа в формате RUSMARC

ПолеНазваниеЗначение
  Тип записи a
  Библиографический уровень m
001 Контрольный номер SKBR/3e74eeb1-4d5f-492e-a960-727dbcf81ab3
005 Дата корректировки 20211220163406.9
010 Индекс ISBN __
a ISBN 978-5-04-004654-6
b Уточнения в пер.
9 Тираж 4000 экз.
d Цена 640-20
035 Другие системные номера __
a Идентификатор записи RU/ГПНТБ России/GC/Мл26/А 65-574298634
100 Данные общей обработки __
a Данные общей обработки 20200818d2019####c y0rusy028902 ca
101 Язык документа 0_
a Язык текста rus
102 Страна публикации __
a Страна публикации RU
105 Кодированные данные (монография) __
a Кодированные данные (монография) a z 000yy
181 Поле кодированных данных: вид содержания _0
a Код вида содержания (ISBD) i
182 Поле кодированных данных: тип средства _0
a Код типа средства (ISBD) n
200 Заглавие и сведения об ответственности 1_
a Заглавие Россия для детей
e Сведения, относящиеся к заглавию для младшего школьного возраста
f Первые сведения об ответственности Наталья Аркадьевна Андрианова ; иллюстрации Марины Ражевой
203 Вид содержания и тип средства __
a Вид содержания Текст
c Тип средства непосредственный
205 Сведения об издании __
a Основные сведения об издании 2-е издание, исправленное и дополненное
210 Выходные данные 1_
a Место издания Москва
c Издательство ЭКСМО
d Дата издания 2019
215 Физическое описание __
a Объем 191 с.
c Иллюстрации/тип воспроизводства цв. ил.
d Формат 26 см
225 Серия 2_
a Серия Детские путеводители
i Наименование части Всегда на каникулах
300 Общие примечания __
a Общие примечания Автор указан в выпускных данных
300 Общие примечания __
a Общие примечания На обложке: Весело, проверено, интересно. От 6 до 12 лет
320 Библиография __
a Библиография Указатель: с. 187-188
330 Аннотация __
a Аннотация Вы держите в руках не просто книгу, а самый настоящий путеводитель по России для детей. С ним вы отправитесь в увлекательное путешествие по нашей необъятной Родине от ее столицы Москвы и до самого большого острова Сахалина на Дальнем Востоке. За это время вы узнаете, чем славятся города Золотого кольца, где в России находятся пряничный рай и танцующий лес, почему Урал - это драгоценная шкатулка России, а Алтай - самое заповедное место и что скрывается за загадочными названиями Карелия, Камчатка и Чукотка. Также вы посетите самую высокую в России гору Эльбрус, самое холодное место и самое глубокое на планете озеро Байкал. Хорошо ориентироваться в нашей большой стране вам поможет красочная карта. Кроме того, в путеводителе вы найдете разнообразные задания и головоломки, с ними узнавать нашу страну станет еще веселее.
606 Тематические рубрики __
a Основная рубрика География
606 Тематические рубрики __
a Основная рубрика Страноведение
y Географическая подрубрика Россия
y Географическая подрубрика РФ
y Географическая подрубрика Российская Федерация
y Географическая подрубрика Москва
y Географическая подрубрика Тула
y Географическая подрубрика Санкт-Петербург
y Географическая подрубрика Великий Устюг
y Географическая подрубрика Великий Новгород
y Географическая подрубрика Калининград
y Географическая подрубрика Краснодарский край
y Географическая подрубрика Урал
y Географическая подрубрика Сибирь
y Географическая подрубрика Дальний Восток
610 Ключевые слова 0_
a Ключевые слова детская литература
610 Ключевые слова 0_
a Ключевые слова познавательная литература
610 Ключевые слова 0_
a Ключевые слова путешествия
610 Ключевые слова 0_
a Ключевые слова города
610 Ключевые слова 0_
a Ключевые слова головоломки
610 Ключевые слова 0_
a Ключевые слова храмы
610 Ключевые слова 0_
a Ключевые слова памятники истории
610 Ключевые слова 0_
a Ключевые слова достопримечательности
610 Ключевые слова 0_
a Ключевые слова заповедники
610 Ключевые слова 0_
a Ключевые слова площади
610 Ключевые слова 0_
a Ключевые слова кремли
610 Ключевые слова 0_
a Ключевые слова пещеры
610 Ключевые слова 0_
a Ключевые слова водопады
610 Ключевые слова 0_
a Ключевые слова озера
610 Ключевые слова 0_
a Ключевые слова история городов
610 Ключевые слова 0_
a Ключевые слова природно-исторические парки
610 Ключевые слова 0_
a Ключевые слова памятники истории
686 Индексы других классификаций __
2 Код системы rubbks
a Классификационный индекс мл26.8я2
700 Автор _1
a Фамилия Андрианова
b Имя Н. А.
g Полное личное имя Наталья Аркадьевна
4 Код отношения 070
702 Вторичная интеллектуальная ответственность _1
a Фамилия Ражева
b Имя М.
g Полное личное имя Марина
4 Код отношения 440
801 Источник записи _0
b Организация ГПНТБ России
a Страна RU
c Дата составления 20200818
g Правила каталогизации PSBO
801 Источник записи _1
b Организация ГПНТБ России
a Страна RU
c Дата составления 20200818
g Правила каталогизации PSBO
852 Данные о местонахождении __
i Авторский знак А 65
j Шифр хранения мл26.8я2
900 Макрообъекты __
a Макрообъекты Россия для детей, 2019
901 Тип документа __
a Ответственный ООФиК/Волкова
t Тип документа m
903 Характеристики (МАРС) __
a Дата передачи 20210309
c Наименование библиотеки (МАРС) Муниципальное бюджетное учреждение культуры "Централизованная библиотечная система" г. Сургут (Центральная городская библиотека им. А. С. Пушкина)
969 Тип издания __
a Тип издания издание для детей
990 Данные о заказе (DOS) __
j Количество экземпляров (DOS) 6
t N записи в КСУ для И/У (DOS) 202103